<?xml version="1.0" encoding="UTF-8"?>
<record
    xmlns:xsi="http://www.w3.org/2001/XMLSchema-instance"
    xsi:schemaLocation="http://www.loc.gov/MARC21/slim http://www.loc.gov/standards/marcxml/schema/MARC21slim.xsd"
    xmlns="http://www.loc.gov/MARC21/slim">

  <leader>00666nab a2200181 uc4500</leader>
  <controlfield tag="001">139012</controlfield>
  <controlfield tag="005">20240201125620.0</controlfield>
  <controlfield tag="008">970911nuuuuuuuu                    spa  </controlfield>
  <datafield tag="035" ind1=" " ind2=" ">
    <subfield code="a">139012</subfield>
  </datafield>
  <datafield tag="035" ind1=" " ind2=" ">
    <subfield code="a">(OCoLC)819755336</subfield>
  </datafield>
  <datafield tag="040" ind1=" " ind2=" ">
    <subfield code="c">comduadb</subfield>
  </datafield>
  <datafield tag="041" ind1=" " ind2=" ">
    <subfield code="a">spa</subfield>
  </datafield>
  <datafield tag="100" ind1="1" ind2="0">
    <subfield code="a">Sarmiento Palacio, Eduardo,</subfield>
    <subfield code="d">1940-,</subfield>
    <subfield code="g">CvLAC</subfield>
    <subfield code="4">aut</subfield>
    <subfield code="0">(isni)0000 0000 8093 994X</subfield>
    <subfield code="0">(viaf)14863221</subfield>
    <subfield code="e">aut</subfield>
  </datafield>
  <datafield tag="245" ind1="1" ind2="0">
    <subfield code="a">Respuesta a la Corte Constitucional sobre la emergencia economica</subfield>
  </datafield>
  <datafield tag="650" ind1=" " ind2=" ">
    <subfield code="a">Emergencia econ&#xF3;mica</subfield>
    <subfield code="9">21121</subfield>
  </datafield>
  <datafield tag="773" ind1="0" ind2=" ">
    <subfield code="t">Revista de la Escuela Colombiana de Ingenier&#xED;a (Bogot&#xE1;)</subfield>
    <subfield code="g">Vol. 07, No. 25, Ene.-Mar. 1997, p. 3-8</subfield>
    <subfield code="w">132655</subfield>
    <subfield code="x">0121-5132</subfield>
    <subfield code="0">71801</subfield>
  </datafield>
  <datafield tag="942" ind1=" " ind2=" ">
    <subfield code="c">ARIMP</subfield>
  </datafield>
  <datafield tag="999" ind1=" " ind2=" ">
    <subfield code="c">68418</subfield>
    <subfield code="d">68418</subfield>
  </datafield>
</record>
